Aboke girls : (Record no. 131419)
[ view plain ]
| 000 -LEADER | |
|---|---|
| fixed length control field | 01017cam a2200313 a 4500 |
| 001 - CONTROL NUMBER | |
| control field | 12620034 |
| 003 - CONTROL NUMBER IDENTIFIER | |
| control field | ARRUPE |
| 005 - DATE AND TIME OF LATEST TRANSACTION | |
| control field | 20220513083153.0 |
| 008 - FIXED-LENGTH DATA ELEMENTS--GENERAL INFORMATION | |
| fixed length control field | 010613s2001 ug a 000 0 eng |
| 010 ## - LIBRARY OF CONGRESS CONTROL NUMBER | |
| LC control number | 2001295081 |
| 020 ## - INTERNATIONAL STANDARD BOOK NUMBER | |
| International Standard Book Number | 9970022563 |
| 035 ## - SYSTEM CONTROL NUMBER | |
| System control number | (DLC) 2001295081 |
| 040 ## - CATALOGING SOURCE | |
| Original cataloging agency | DLC |
| Transcribing agency | DLC |
| Modifying agency | DLC |
| 042 ## - AUTHENTICATION CODE | |
| Authentication code | lcode |
| 043 ## - GEOGRAPHIC AREA CODE | |
| Geographic area code | f-ug--- |
| 050 00 - LIBRARY OF CONGRESS CALL NUMBER | |
| Classification number | HV6250.4.G57 |
| Item number | T46 2001 |
| 082 00 - DEWEY DECIMAL CLASSIFICATION NUMBER | |
| Classification number | 362.76/096761 |
| Edition number | 21 |
| 300 ## - PHYSICAL DESCRIPTION | |
| Other physical details | ill. ; |
| Dimensions | 21 cm. |
| 100 1# - MAIN ENTRY--PERSONAL NAME | |
| Personal name | Temmerman, Els de, |
| Dates associated with a name | 1962- |
| 9 (RLIN) | 51562 |
| 240 10 - UNIFORM TITLE | |
| Uniform title | <a href="Meisjes van Aboke.">Meisjes van Aboke.</a> |
| Language of a work | English |
| 245 10 - TITLE STATEMENT | |
| Title | Aboke girls : |
| Remainder of title | children abducted in northern Uganda / |
| Statement of responsibility, etc | Els De Temmerman. |
| 260 ## - PUBLICATION, DISTRIBUTION, ETC. (IMPRINT) | |
| Place of publication, distribution, etc | Kampala, Uganda : |
| Name of publisher, distributor, etc | Fountain Publishers, |
| Date of publication, distribution, etc | 2001. |
| 300 ## - PHYSICAL DESCRIPTION | |
| Extent | viii, 160 p. : |
| 650 #0 - SUBJECT ADDED ENTRY--TOPICAL TERM | |
| Topical term or geographic name as entry element | Girls |
| General subdivision | Crimes against |
| Geographic subdivision | Uganda. |
| 9 (RLIN) | 51563 |
| 650 #0 - SUBJECT ADDED ENTRY--TOPICAL TERM | |
| Topical term or geographic name as entry element | Abduction |
| Geographic subdivision | Uganda. |
| 9 (RLIN) | 51564 |
| 651 #0 - SUBJECT ADDED ENTRY--GEOGRAPHIC NAME | |
| Geographic name | Uganda |
| General subdivision | Politics and government. |
| 9 (RLIN) | 17745 |
| 906 ## - LOCAL DATA ELEMENT F, LDF (RLIN) | |
| a | 7 |
| b | cbc |
| c | origode |
| d | 3 |
| e | ncip |
| f | 20 |
| g | y-gencatlg |
| 942 ## - ADDED ENTRY ELEMENTS (KOHA) | |
| Source of classification or shelving scheme | Library of Congress Classification |
| Koha item type | Monograph ( Printed materials) |
| Withdrawn status | Lost status | Source of classification or shelving scheme | Damaged status | Not for loan | Collection code | Home library | Current library | Shelving location | Date acquired | Total Checkouts | Full call number | Barcode | Date last seen | Price effective from | Koha item type |
|---|---|---|---|---|---|---|---|---|---|---|---|---|---|---|---|
| Library of Congress Classification | Main Collection | ARRUPE LIBRARY | ARRUPE LIBRARY | Main Collection | 13/05/2022 | HV6250.4.G57 T46 2001 | 46600008487 | 13/05/2022 | 13/05/2022 | Monograph ( Printed materials) |